[Event "CZE-chT1E 2223"]
[Site "Czech Republic"]
[Date "2023.04.02"]
[Round "11.4"]
[White "Dvorak, Martin"]
[Black "Vyskocil, Neklan"]
[Result "0-1"]
[WhiteElo "2170"]
[BlackElo "2292"]
[PlyCount "114"]
[EventDate "2022.10.08"]
[EventType "team-tourn"]
[EventRounds "11"]
[EventCountry "CZE"]
[SourceTitle "EXT 2024"]
[Source "ChessBase"]
[SourceDate "2023.10.10"]
[SourceVersion "1"]
[SourceVersionDate "2023.10.10"]
[SourceQuality "1"]
[WhiteTeam "Vlcnov"]
[BlackTeam "Brno Duras"]
[WhiteTeamCountry "CZE"]
[BlackTeamCountry "CZE"]

1. e4 c5 2. Nf3 Nc6 3. d4 cxd4 4. Nxd4 e5 5. Nb5 d6 6. N1c3 a6 7. Na3 Be7 8. Nc4 Nf6 9. Ne3 0-0 10. Be2 Be6 11. Ned5 Bxd5 12. exd5 Nd4 13. 0-0 Rc8 14. Bd3 Nd7 15. Be3 Nc5 16. Bxd4 exd4 17. Ne2 Nxd3 18. Qxd3 Bf6 19. Nxd4 Qb6 20. Nf5 Qxb2 21. c4 Rfd8 22. a3 Rc7 23. Rab1 Qc3 24. Qxc3 Bxc3 25. Rb6 Rxc4 26. Nxd6 Rc7 27. Rc1 h6 28. Kf1 Rdd7 29. Ne4 Ba5 30. Rxc7 Rxc7 31. Rb3 b5 32. d6 Rc4 33. Re3 Rd4 34. Nc5 Rxd6 35. Re8+ Kh7 36. Ra8 Rd1+ 37. Ke2 Rd2+ 38. Ke3 Ra2 39. Rxa6 Rxa3+ 40. Ke2 b4 41. Nb3 Bc7 42. Rc6 Bxh2 43. Nd2 Bf4 44. Rc4 Bxd2 45. Kxd2 Ra2+ 46. Ke3 Rb2 47. Rc6 h5 48. Rb6 h4 49. Kf3 f6 50. Ke3 Kh6 51. Rb5 g5 52. Rb6 Kg6 53. Kf3 Rb3+ 54. Kg4 Rc3 55. f3 Rc4+ 56. Kh3 Rf4 57. Rb5 Kf7 0-1

[Event "South Moravia Region-chT 2223"]
[Site "Czech Republic"]
[Date "2023.02.12"]
[Round "8.1"]
[White "Vyskocil, Neklan"]
[Black "Havel, Jan"]
[Result "1-0"]
[WhiteElo "2303"]
[BlackElo "1623"]
[PlyCount "33"]
[EventDate "2022.10.09"]
[EventType "team-tourn"]
[EventRounds "11"]
[EventCountry "CZE"]
[SourceTitle "EXT 2024"]
[Source "ChessBase"]
[SourceDate "2023.10.10"]
[SourceVersion "1"]
[SourceVersionDate "2023.10.10"]
[SourceQuality "1"]

1. d4 Nf6 2. c4 d5 3. cxd5 Nxd5 4. e4 Nb6 5. Nc3 e6 6. Nf3 Be7 7. Bd3 Nc6 8. 0-0 Nb4 9. Bb1 Na6 10. Qe2 Bd7 11. Rd1 Qc8 12. Bf4 0-0 13. e5 Bc6 14. Ng5 Bxg5 15. Bxg5 Qe8 16. Bf6 Nd7 17. Bxh7+ 1-0

[Event "Tatranska Lomnica Tatry op"]
[Site "Tatranska Lomnica"]
[Date "2021.10.08"]
[Round "8"]
[White "Vyskocil, Neklan"]
[Black "Mikulas, Dusan"]
[Result "1-0"]
[WhiteElo "2272"]
[BlackElo "2003"]
[PlyCount "129"]
[EventDate "2021.10.02"]
[EventType "swiss"]
[EventRounds "9"]
[EventCountry "SVK"]
[SourceTitle "EXT 2023"]
[Source "ChessBase"]
[SourceDate "2022.10.05"]
[SourceVersion "1"]
[SourceVersionDate "2022.10.05"]
[SourceQuality "1"]

1. e4 c5 2. Nf3 d6 3. d4 cxd4 4. Nxd4 Nf6 5. Nc3 Nc6 6. Bc4 e6 7. Be3 a6 8. Bb3 Bd7 9. f4 Be7 10. 0-0 0-0 11. Kh1 b5 12. f5 e5 13. Nxc6 Bxc6 14. Nd5 Bxd5 15. Bxd5 Nxd5 16. Qxd5 Bg5 17. Bxg5 Qxg5 18. Rad1 Rac8 19. c3 Rc4 20. f6 Qg6 21. Rde1 Rfc8 22. Re3 Qh5 23. Rf5 Qg6 24. h3 b4 25. Kh2 Qh6 26. fxg7 Qe6 27. Qxe6 fxe6 28. Rf6 bxc3 29. Rxc3 Rxc3 30. bxc3 Rxc3 31. Rxe6 Kxg7 32. Rxd6 Ra3 33. Rd7+ Kg6 34. Re7 Rxa2 35. Rxe5 a5 36. Kg3 a4 37. Re6+ Kf7 38. Ra6 a3 39. Kf3 Ra1 40. Kf4 a2 41. Ke5 Kg7 42. g4 Kf7 43. h4 h6 44. Rf6+ Kg7 45. Rf2 Kg6 46. Re2 Kf7 47. h5 Ke7 48. Rf2 Ke8 49. Kf6 Kf8 50. Kg6+ Kg8 51. Rb2 Kf8 52. Kxh6 Rg1 53. Rxa2 Rxg4 54. Re2 Kf7 55. e5 Ke6 56. Kh7 Rg1 57. h6 Ke7 58. Kh8 Kf7 59. h7 Ke7 60. Ra2 Rg5 61. Ra7+ Kf8 62. e6 Rf5 63. Ra8+ Ke7 64. Kg7 Rg5+ 65. Kh6 1-0

[Event "Tatranska Lomnica Tatry op"]
[Site "Tatranska Lomnica"]
[Date "2021.10.07"]
[Round "7"]
[White "Stevik, Patrik1111"]
[Black "Vyskocil, Neklan"]
[Result "1/2-1/2"]
[WhiteElo "2148"]
[BlackElo "2272"]
[PlyCount "56"]
[EventDate "2021.10.02"]
[EventType "swiss"]
[EventRounds "9"]
[EventCountry "SVK"]
[SourceTitle "EXT 2023"]
[Source "ChessBase"]
[SourceDate "2022.10.05"]
[SourceVersion "1"]
[SourceVersionDate "2022.10.05"]
[SourceQuality "1"]

1. Nf3 Nf6 2. b3 d6 3. d4 g6 4. Bb2 Bg7 5. g3 0-0 6. Bg2 Bf5 7. 0-0 Qc8 8. Re1 c5 9. c4 Nc6 10. Nc3 cxd4 11. Nb5 Be4 12. Nbxd4 a6 13. Qd2 Nxd4 14. Bxd4 Qc6 15. Rad1 Rfb8 16. Qe3 e5 17. Ba1 Rd8 18. h3 Rac8 19. Rc1 Re8 20. Red1 Rcd8 21. c5 Bxf3 22. Bxf3 e4 23. Bg2 d5 24. Bd4 Nh5 25. Qd2 Bxd4 26. Qxd4 Ng7 27. e3 Nf5 28. Qb2 h5 1/2-1/2

[Event "Pardubice Czech op-A 32nd"]
[Site "Pardubice"]
[Date "2021.07.27"]
[Round "5"]
[White "Levitan, Tal"]
[Black "Vyskocil, Neklan"]
[Result "1/2-1/2"]
[WhiteElo "2160"]
[BlackElo "2295"]
[PlyCount "94"]
[EventDate "2021.07.23"]
[EventType "swiss"]
[EventRounds "9"]
[EventCountry "CZE"]
[SourceTitle "CBM 203 Extra"]
[Source "ChessBase"]
[SourceDate "2021.09.30"]
[SourceVersion "1"]
[SourceVersionDate "2021.09.30"]
[SourceQuality "1"]

1. e4 c5 2. c3 Nf6 3. e5 Nd5 4. d4 cxd4 5. cxd4 d6 6. Nf3 Nc6 7. Bc4 Nb6 8. Bb5 dxe5 9. Nxe5 Bd7 10. Nxd7 Qxd7 11. Nc3 Rd8 12. 0-0 e6 13. a4 Nd5 14. a5 a6 15. Ba4 Be7 16. Qg4 Nxc3 17. bxc3 0-0 18. Re1 Bf6 19. Re3 g6 20. Rf3 Bg7 21. Bg5 f6 22. Bc1 Qd5 23. Rh3 Rf7 24. Bc2 f5 25. Qf3 Nxa5 26. Qxd5 Rxd5 27. Ba3 Bf8 28. Bc5 Bxc5 29. Rxa5 Bf8 30. Rxd5 exd5 31. Bb3 Rd7 32. Re3 Bg7 33. Re8+ Kf7 34. Rc8 Bf8 35. Kf1 Ba3 36. Ke2 Ke7 37. Kd2 Kd6 38. Re8 Kc7 39. h4 b5 40. h5 a5 41. Re6 a4 42. Ba2 b4 43. cxb4 Bxb4+ 44. Kd3 Rd6 45. Re7+ Rd7 46. Re6 Rd6 47. Re7+ Rd7 1/2-1/2

[Event "CZE-chT 1920"]
[Site "Czech Republic"]
[Date "2019.11.30"]
[Round "3.1"]
[White "Nguyen, Thai Dai Van"]
[Black "Vyskocil, Neklan"]
[Result "1-0"]
[WhiteElo "2545"]
[BlackElo "2295"]
[PlyCount "63"]
[EventDate "2019.10.12"]
[EventType "team-tourn"]
[EventRounds "11"]
[EventCountry "CZE"]
[SourceTitle "CBM 193 Extra"]
[Source "ChessBase"]
[SourceDate "2020.01.31"]
[SourceVersion "1"]
[SourceVersionDate "2020.01.31"]
[SourceQuality "1"]
[WhiteTeam "Novy Bor"]
[BlackTeam "Brno Duras"]
[WhiteTeamCountry "CZE"]
[BlackTeamCountry "CZE"]

1. d4 Nf6 2. c4 e6 3. Nc3 Bb4 4. Qc2 0-0 5. e4 d6 6. e5 Nfd7 7. Nf3 f5 8. exf6 Nxf6 9. Bd3 Qe7 10. 0-0 Bxc3 11. Qxc3 Nc6 12. Re1 Bd7 13. d5 Nd8 14. dxe6 Bxe6 15. Ng5 Re8 16. Bf5 Bxf5 17. Rxe7 Rxe7 18. Be3 h6 19. Nf3 b6 20. Bxh6 Nf7 21. Be3 Rae8 22. h3 c5 23. Rd1 Be4 24. Ng5 d5 25. cxd5 Nxd5 26. Qc4 Nd6 27. Qe2 Nf5 28. Qc4 Nd6 29. Qb3 c4 30. Qa3 Nb5 31. Qa4 Nxe3 32. fxe3 1-0

[Event "Tatry op"]
[Site "Tatranske Zruby"]
[Date "2019.09.28"]
[Round "1"]
[White "Vyskocil, Neklan"]
[Black "Meers, Hubert"]
[Result "1-0"]
[WhiteElo "2306"]
[BlackElo "2026"]
[PlyCount "67"]
[EventDate "2019.09.28"]
[EventType "swiss"]
[EventRounds "9"]
[EventCountry "SVK"]
[SourceTitle "EXT 2020"]
[Source "ChessBase"]
[SourceDate "2019.10.17"]
[SourceVersion "1"]
[SourceVersionDate "2019.10.17"]
[SourceQuality "1"]

1. d4 Nf6 2. c4 g6 3. Nc3 Bg7 4. Bg5 0-0 5. e3 d6 6. Nf3 c5 7. Be2 Nc6 8. d5 Ne5 9. Nxe5 dxe5 10. e4 Ne8 11. Qd2 Nd6 12. 0-0 b6 13. Bh6 f6 14. Bxg7 Kxg7 15. Bd3 Bd7 16. g3 Qc7 17. Kg2 Rf7 18. f4 Raf8 19. b3 Qc8 20. Kg1 h6 21. Rae1 Kh7 22. Nd1 g5 23. fxe5 fxe5 24. Qb2 Rxf1+ 25. Bxf1 Nf7 26. Nf2 Qc7 27. Be2 Nh8 28. Nd3 Ng6 29. Bh5 Bh3 30. Bxg6+ Kxg6 31. Qxe5 Qc8 32. Qxe7 Kh5 33. Nf2 Rf3 34. Nxh3 1-0

[Event "Pardubice Czech op-A 30th"]
[Site "Pardubice"]
[Date "2019.07.27"]
[Round "9"]
[White "Vyskocil, Neklan"]
[Black "Daniel, Damian"]
[Result "1-0"]
[WhiteElo "2304"]
[BlackElo "2166"]
[PlyCount "47"]
[EventDate "2019.07.19"]
[EventType "swiss"]
[EventRounds "9"]
[EventCountry "CZE"]
[SourceTitle "CBM 191"]
[Source "ChessBase"]
[SourceDate "2019.08.31"]
[SourceVersion "1"]
[SourceVersionDate "2019.08.31"]
[SourceQuality "1"]

1. d4 Nf6 2. c4 Nc6 3. Nf3 e6 4. Nc3 Bb4 5. Qc2 0-0 6. Bg5 d6 7. e3 Qe7 8. Nd2 Bxc3 9. Qxc3 e5 10. d5 Nb8 11. Qc2 Nbd7 12. Be2 a5 13. 0-0 h6 14. Bh4 Re8 15. Rae1 Nf8 16. f4 N8h7 17. Bd3 Qf8 18. fxe5 dxe5 19. Ne4 Nxe4 20. Bxe4 Ng5 21. Bxg5 hxg5 22. Bh7+ Kh8 23. Bg6 f5 24. g4 1-0

[Event "Pardubice Czech op-A 30th"]
[Site "Pardubice"]
[Date "2019.07.25"]
[Round "7"]
[White "Vyskocil, Neklan"]
[Black "Teclaf, Pawel"]
[Result "1/2-1/2"]
[WhiteElo "2304"]
[BlackElo "2454"]
[PlyCount "82"]
[EventDate "2019.07.19"]
[EventType "swiss"]
[EventRounds "9"]
[EventCountry "CZE"]
[SourceTitle "CBM 191"]
[Source "ChessBase"]
[SourceDate "2019.08.31"]
[SourceVersion "1"]
[SourceVersionDate "2019.08.31"]
[SourceQuality "1"]

1. Nf3 c5 2. g3 b6 3. Bg2 Bb7 4. 0-0 Nf6 5. c4 e6 6. b3 Be7 7. Bb2 0-0 8. Nc3 d6 9. d4 cxd4 10. Qxd4 a6 11. Rfd1 Nbd7 12. Rac1 Qc7 13. Ne1 Bxg2 14. Nxg2 Qb7 15. Ne3 b5 16. Ng4 bxc4 17. Qxc4 d5 18. Qd4 Rac8 19. Na4 h5 20. Nxf6+ Nxf6 21. Qe5 Qb4 22. Qg5 Rfd8 23. Rxc8 Rxc8 24. Rc1 Rxc1+ 25. Qxc1 h4 26. Qc8+ Kh7 27. Qc3 Qb5 28. Qd3+ Kg8 29. Kg2 Qc6 30. f3 Ne8 31. Qc3 Qb5 32. Qd3 Qc6 33. Qc3 Qb7 34. Qd3 Bd6 35. Bd4 Qc6 36. Qc3 Qb5 37. Qd3 e5 38. Bc5 Qc6 39. Qc3 d4 40. Qc4 Bb8 41. Bb4 Qxc4 1/2-1/2

[Event "Pardubice Czech op-A 30th"]
[Site "Pardubice"]
[Date "2019.07.23"]
[Round "5"]
[White "Vyskocil, Neklan"]
[Black "Murko, David"]
[Result "1-0"]
[WhiteElo "2304"]
[BlackElo "2192"]
[PlyCount "125"]
[EventDate "2019.07.19"]
[EventType "swiss"]
[EventRounds "9"]
[EventCountry "CZE"]
[SourceTitle "CBM 191"]
[Source "ChessBase"]
[SourceDate "2019.08.31"]
[SourceVersion "1"]
[SourceVersionDate "2019.08.31"]
[SourceQuality "1"]

1. d4 Nf6 2. c4 c5 3. d5 e6 4. Nc3 exd5 5. cxd5 d6 6. Nf3 g6 7. Nd2 a6 8. a4 Nbd7 9. g3 Bg7 10. Bg2 0-0 11. 0-0 Ne8 12. Qc2 f5 13. a5 Rb8 14. Nc4 Ne5 15. Nb6 Bd7 16. f4 Ng4 17. e3 Bb5 18. Re1 Nc7 19. Bf3 Nf6 20. Bd2 Re8 21. e4 fxe4 22. Nxe4 Nxe4 23. Bxe4 Bd4+ 24. Kg2 Qf6 25. Bc3 Na8 26. Bxd4 Qxd4 27. Na4 Kg7 28. Nc3 Nc7 29. Rad1 Qf6 30. Qd2 Bd7 31. Bf3 Nb5 32. Ne4 Qf8 33. b4 c4 34. Qb2+ c3 35. Nxc3 Qf6 36. Na4 Qxb2+ 37. Nxb2 Rbc8 38. Rxe8 Bxe8 39. Rd2 Rc1 40. Nd3 Rc3 41. Nf2 Rb3 42. Ne4 Rxb4 43. Ng5 Bf7 44. Re2 Nd4 45. Re7 Rb2+ 46. Kh3 Nxf3 47. Nxf3 Kf8 48. Rc7 Bxd5 49. Ng5 Bc6 50. Nxh7+ Kg8 51. Nf6+ Kf8 52. g4 Rb5 53. Kh4 Rxa5 54. f5 gxf5 55. g5 Re5 56. g6 Re7 57. Rc8+ Be8 58. Nxe8 Rxe8 59. g7+ Kxg7 60. Rxe8 Kf6 61. Kg3 b5 62. Kf4 a5 63. Ra8 1-0